000 00312 a2200109 4500
001 ART_25884
005 20260410161602.0
008 260409a
245 1 0 _aResponsabilidad profesional
100 1 _aWainstein, Mario
773 0 _tProfesional & Empresaria
_g- Año V, Nº 63 (dic. 2004)
_wREV70
999 _c9839
_d9839